000 00685nam a2200205Ii 4500
003 JO-AjNU
008 230605s9999||||xx |||||||||||||| ||und||
040 _aJO-AjNU
_bara
_erda
_cJO-AjNU
041 _aara
050 1 4 _aPC2111 1989
100 3 _aفياض,ليلى مليخة تأليف,
_eauthor
_913888
245 0 0 _aكيف تكتب رسائلك بالفرنسية
250 _aط1
264 3 1 _aبيروت:دار العلم للملايين,1989
300 _a160ص
336 _atext
_btxt
_2rdacontent
337 _aunmediated
_bn
_2rdamedia
338 _avolume
_bnc
_2rdacarrier
650 4 _aاللغة الفرنسية-كيف تكتب رسائلك بالفرنسية
_913889
999 _aA3573
_c7141
_d7141